A course on many-body theory applied to solid-state physics
Kaydedildi:
| Yazar: | |
|---|---|
| Materyal Türü: | Kitap |
| Dil: | İngilizce |
| Baskı/Yayın Bilgisi: |
Singapur
World Scientific
1992
|
| Seri Bilgileri: | Lecture Notes in Physics, 11
|
| Konular: | |
| Etiketler: |
Etiketle
Etiket eklenmemiş, İlk siz ekleyin!
|
MARC
| LEADER | 00000nam a2200000 a 4500 | ||
|---|---|---|---|
| 001 | UCL7664 | ||
| 003 | CL-VaPUC | ||
| 008 | 040528e19920000si |||||||||||||||||eng|d | ||
| 020 | |a 9971503360 | ||
| 082 | 0 | 4 | |a 530.41 |b ENZ |2 21 |
| 100 | 0 | |a Enz, Charles P |e author |9 485509 | |
| 245 | 1 | 2 | |a A course on many-body theory applied to solid-state physics |
| 300 | |a 427 p | ||
| 942 | |c BK | ||
| 945 | |d 20040528 00:00:00 |a cmena | ||
| 260 | |a Singapur |b World Scientific |c 1992 | ||
| 650 | 0 | |a Física del estado solido |9 315365 | |
| 650 | 0 | |a Física |9 227844 | |
| 583 | |a last modification |c 20171221 03:16:07 |k Rodrigo Vera | ||
| 490 | 0 | |a Lecture Notes in Physics, 11 | |
| 999 | |c 309293 |d 309291 | ||
| 952 | |0 0 |1 0 |4 0 |6 530_410000000000000_ENZ_1992 |7 0 |8 A |9 376703 |a BIBCUR |b BIBCUR |d 2019-11-21 |i 4020537 |o 530.41 ENZ 1992 |p 4020537 |r 2025-04-22 |w 2019-11-21 |y BK |k FIS | ||